000
00333nam a22001457a 4500
003
SGT
020
_a
9788180388354
082
_a
346.540482,CHA
100
_a
CHAWALA ALKA
245
_a
LAW OF COPYRIGHT COMPARATIVE PERSPECTIVES
260
_a
NEW DELHI
_b
LEXISNEXIS
_c
2013
300
_a
316
650
_a
LAW BOOKS
942
_2
ddc
_c
BK
999
_c
10185
_d
10185